000
00337 a2200121 4500
001
ART_12817
005
20260410161909.0
008
260409a
245
1
0
_a
Tambos
100
1
_a
Cartier, Enrique Nicolás
700
1
_a
Cartier, Juan Enrique
773
0
_t
Costos y gestión
_g
- Año 14, Nº 54 (dic. 2004)
_w
REV12786
999
_c
26661
_d
26661